| 000 | 01941nam a2200385 i 4500 | ||
|---|---|---|---|
| 003 | EG-ScBUE | ||
| 005 | 20240220145245.0 | ||
| 008 | 100712s1991 ua o f 000 0 ara d | ||
| 017 | _a1991 / 5029 | ||
| 020 | _a977585033 | ||
| 040 |
_aEG-ScBUE _bara _erda _cEG-ScBUE _dEG-ScBUE |
||
| 043 |
_an-us--- _aa-iq--- _aa-ku--- |
||
| 082 | 0 | 4 |
_222 _a327.73 _bو و د |
| 100 | 1 |
_916203 _aوودوارد، بوب، _d1943- _eمؤلف. |
|
| 240 | 1 | 0 |
_aCommanders. _lArabic |
| 245 | 1 | 2 |
_aالقادة : _bأسرار صناعة القرار في حرب الخليج / _cتأليف بوب وود ورد ؛ تقديم ومراجعة عادل حمودة ؛ ترجمة صبحي مشرقي، نورس خالد، جلال عبد الكريم. |
| 250 | _aالطبعة الأولى. | ||
| 264 | 1 |
_aالقاهرة : _bدار سفنكس للطباعة والنشر والتوزيع، _c1991. |
|
| 300 |
_a305 صفحة : _bصور ؛ _c24 سم |
||
| 336 |
_2rdacontent _aنص _btxt |
||
| 337 |
_aبدون وسيط _2rdamedia _bn |
||
| 338 |
_aمجلد _bnc _2rdacarrier |
||
| 541 |
_aألف باء ؛ _cإهداء ؛ |
||
| 546 | _aالنص باللغة العربية وتم ترجمته من اللغة الإنجليزية. | ||
| 650 | 7 |
_aحرب الخليج 1991. _2BUEsh |
|
| 651 | 7 |
_916219 _aالولايات المتحدة الأمريكية _xتاريخ _yالعصر الحديث _yجورج بوش (1989-1993). _2BUEsh |
|
| 651 | 7 |
_916220 _aالولايات المتحدة الأمريكية _xعلاقات خارجية. |
|
| 651 | 7 |
_aالعراق _xتاريخ _yالعصر الحديث _yاحتلال الكويت (1990-1991). _2BUEsh |
|
| 655 | _vReading book | ||
| 700 | 1 |
_916221 _aحمودة، عادل، _eمقدم، _eمراجع. |
|
| 700 | 1 |
_916222 _aمشرقي، صبحي، _eمترجم. |
|
| 700 | 1 |
_916223 _aخالد، نورس، _eمترجم. |
|
| 700 | 1 |
_916224 _aعبد الكريم، جلال، _eمترجم. |
|
| 942 |
_2ddc _cBB |
||
| 999 |
_c14465 _d14465 |
||